Zuna: (Registro nro. 20329)
[ vista simple ]
| 000 -CABECERA | |
|---|---|
| Campo de control | 00820nam a22002417a 4500 |
| 005 - FECHA Y HORA DE LA ULTIMA TRANSACCION | |
| Campo de control | 20180920113217.0 |
| 008 - ELEMENTOS DE LONGITUD FIJA—INFORMACION GENERAL | |
| Campo de control | 180920b2015 ck ||||| |||| 00| 0 spa d |
| 020 ## - ISBN | |
| ISBN | 9789589387948 |
| 040 ## - FUENTE DE CATALOGACIÓN | |
| Agencia catalogadora original | CO-BoIAVH |
| Agencia transcriptora | CO-BoIAVH |
| 041 ## - IDIOMA | |
| Código de idioma para texto/pista de sonido o título separado | Español |
| 044 ## - PAÍS DE PUBLICACIÓN | |
| País de publicación | Colombia |
| 082 ## - NUMERO DE CLASIFICACION DECIMAL DEWEY | |
| Número de clasificación | 333.711 |
| Número del ítem | S44z |
| 110 1# - ASIENTO PRINCIPAL--NOMBRE CORPORATIVO | |
| Nombre corporativo o de jurisdicción como elemento de entrada | Secretaria Distrital de Ambiente, Bogota |
| 9 (RLIN) | 101319 |
| 245 #0 - MENCION DE TITULO | |
| Título | Zuna: |
| Parte restante del título | pasos que nos develan Bogotá |
| 260 ## - PUBLICACION, DISTRIBUCION, ETC. (PIE DE IMPRENTA) | |
| Lugar de publicación, distribución, etc. | Bogotá: |
| Nombre del editor, distribuidor, etc. | Secretaria Distrital de Ambiente, |
| Fecha de publicación, distribución, etc. | 2015. |
| 300 ## - DESCRIPCION FISICA | |
| Extensión | 264 páginas |
| Otros detalles físicos | fotografías a color, |
| Dimensiones | 30 x 24cm |
| 650 #0 - ASIENTO SECUNDARIO DE MATERIA - TERMINO TEMATICO | |
| 9 (RLIN) | 101317 |
| Término temático o nombre geográfico como elemento de entrada | Reservas naturales |
| Subdivisión geográfica | Bogotá |
| 650 #0 - ASIENTO SECUNDARIO DE MATERIA - TERMINO TEMATICO | |
| 9 (RLIN) | 101110 |
| Término temático o nombre geográfico como elemento de entrada | Territorio |
| Subdivisión general | Identificación |
| Subdivisión geográfica | Bogotá |
| 650 #0 - ASIENTO SECUNDARIO DE MATERIA - TERMINO TEMATICO | |
| 9 (RLIN) | 3634 |
| Término temático o nombre geográfico como elemento de entrada | Historia |
| Subdivisión general | Paisajes |
| Subdivisión geográfica | Bogotá |
| 650 #0 - ASIENTO SECUNDARIO DE MATERIA - TERMINO TEMATICO | |
| 9 (RLIN) | 101318 |
| Término temático o nombre geográfico como elemento de entrada | Caminatas ecológicas |
| Subdivisión geográfica | Bogotá |
| 650 #0 - ASIENTO SECUNDARIO DE MATERIA - TERMINO TEMATICO | |
| 9 (RLIN) | 31725 |
| Término temático o nombre geográfico como elemento de entrada | Turismo ecológico |
| Subdivisión geográfica | Bogotá |
| 942 ## - ELEMENTOS ADICIONALES (KOHA) | |
| Sistema de clasificación | Dewey Decimal Classification |
| Tipo de ítem | Libro |
| Withdrawn status | Lost status | Sistema de Clasificación | Damaged status | No para préstamo | Colección | Ubicación Permanente | Ubicación actual | Fecha de adquisición | Total Checkouts | Número topográfico | Inventario / Código de Barras | Date last seen | Ejemplar | Price effective from | Forma de adquisición | Tipo de material |
|---|---|---|---|---|---|---|---|---|---|---|---|---|---|---|---|---|
| Dewey Decimal Classification | General | Bogotá | Bogotá | 20/09/2018 | LB-333.711 S44z | 043314 | 20/09/2018 | Ej. 1 | 20/09/2018 | Canje | Libro |